Score 0/28 Timer 03:00
0 Plays Today
Hint Word % Correct
Hefner, Laurie, e.g.HUGH
95.9%
Connery, Kingston, e.g.SEAN
95.7%
The one in China is 'Great'WALL
93.8%
Be quiet!HUSH
93.7%
Throw a ball aroundTOSS
93.5%
Female spouseWIFE
92.7%
๏Brooks directed this 1977 Film: '____ Anxiety'๏๏HIGH๏
91.7%
Not hugeTINY
91.7%
Show reliefSIGH
91.4%
Slang for your bumTUSH
91.3%
๏Received a ____ on the Hollywood [Rung 20] of [Rung 28] in 2010๏๏STAR๏
91%
Char the surface ofSEAR
90.9%
๏Received a [Rung 1] on the Hollywood ____ of [Rung 28] in 2010๏๏WALK๏
90.7%
Short storyTALE
90%
Hint Word % Correct
Prong of a forkTINE
89.9%
Piece of a mosaicTILE
89.3%
๏He won three ____ Awards in 2001๏๏TONY๏
89.1%
Daniel who hosts a Comedy Central internet-mocking showTOSH
88.6%
Stop, Yield, No Entry e.g.SIGN
88.3%
Tropical citrus fruitLIME
87.7%
Blabber to othersTALK
87.5%
๏Mel was awarded the AFI ____ Achievement Award in 2013๏๏LIFE๏
87.3%
Oodles and oodlesTONS
87%
๏Received a [Rung 1] on the Hollywood [Rung 20] of ____ in 2010๏๏FAME๏
84.6%
Descriptor of a pathetic excuseLAME
82.7%
Capital of the Shannxi province, in EnglishSIAN
80.9%
A rib, like that on corduroy fabricWALE
73.5%
Crafty trickWILE
72.6%

Today's Daily Dose

Remove Ads.
Support Sporcle.
Get the best of Sporcle when you Go Orange. This ad-free experience offers more features, more stats, and more fun while also helping to support Sporcle. Thank you for becoming a member.

You're not logged in!

Compare scores with friends on all Sporcle quizzes.
OR
Log In

Show Comments

Extras

Top Quizzes Today


Score Distribution

Your Account Isn't Verified!

In order to create a playlist on Sporcle, you need to verify the email address you used during registration. Go to your Sporcle Settings to finish the process.

Report this User

Report this user for behavior that violates our Community Guidelines.

Details: